| 000 | 01169cam a2200337 i 4500 | ||
|---|---|---|---|
| 001 | 54227 | ||
| 003 | Mx-PuUPA | ||
| 005 | 20250815101611.0 | ||
| 008 | 140415s2006 ag ad gr 000 0 spa d | ||
| 020 | _a9506414904 | ||
| 020 | _a9789506414900 | ||
| 040 |
_aMx-PuUPA _bspa _cMx-PuUPA _dMx-PuUPA _erda |
||
| 041 | 0 | _aspa | |
| 100 | 1 |
_aAlles, Martha Alicia, _d1947- _93005 _eautor |
|
| 245 | 1 | 0 |
_aDirección estratégica de recursos humanos : _bgestión por competencias, casos / _cMartha Alicia Alles |
| 250 | _a3a edición | ||
| 264 | 1 |
_aBuenos Aires : _bEdiciones Granica, _c2006 |
|
| 300 |
_a171 páginas : _bilustraciones, diagramas, tablas ; _c23 cm |
||
| 336 |
_2rdacontent _atexto _btxt |
||
| 337 |
_2rdamedia _asin medio _bn |
||
| 338 |
_2rdacarrier _avolumen _bnc |
||
| 490 | 0 | _aRecursos humanos | |
| 500 | _a"Casos". -- Portada | ||
| 500 | _a"Nueva edición actualizada". -- Portada | ||
| 650 | 7 |
_2armarc _aRecursos humanos _xDirección |
|
| 650 | 7 |
_2armarc _aPlanificación de recursos humanos |
|
| 650 | 7 |
_2armarc _aAdministración de personal |
|
| 942 |
_2ddc _cLI _h658.3 _iA357 |
||
| 999 |
_c54227 _d54227 |
||